000 00357nam a2200121Ia 4500
008 220620s9999||||xx |||||||||||||| ||und||
245 0 _aAdvances in Stereo Vision
546 _aEnglish[eng]
650 _aImage processing
700 _aTorreao, Jose R.A.
856 _uhttps://mts.intechopen.com/storage/books/231/authors_book/authors_book.pdf
942 _cEB
999 _c23733
_d23733